3004-生駒郡(奈良県)の駅 - Statistics

General Stats
  • This quiz has been taken 13 times
  • The average score is 6 of 7
Answer Stats
Answer % Correct
信貴山下
100%
元山上口
89%
平群
89%
法隆寺
78%
竜田川
78%
勢野北口
78%
三郷
67%
No matching quizzes found
Score Distribution
Percent of People with Each Score
Percentile by Number Answered
Your Score History
You have not taken this quiz